Fr. Conceicao Rodrigues College of Engineering

Leaving Places (Record no. 31294)

MARC details
000 -LEADER
fixed length control field 00284nam a2200133Ia 4500
082 ## - DEWEY DECIMAL CLASSIFICATION NUMBER
Classification number 747
100 ## - MAIN ENTRY--PERSONAL NAME
Personal name Wise/ H.H/ Weiss/ J.
245 ## - TITLE STATEMENT
Title Leaving Places
260 ## - PUBLICATION, DISTRIBUTION, ETC.
Name of publisher, distributor, etc. Quick fox
Place of publication, distribution, etc. New York
Date of publication, distribution, etc. 1976
546 ## - LANGUAGE NOTE
Language note ENGLISH
650 ## - SUBJECT ADDED ENTRY--TOPICAL TERM
Topical term or geographic name entry element General
654 ## - SUBJECT ADDED ENTRY--FACETED TOPICAL TERMS
Focus term Leaving Places
942 ## - ADDED ENTRY ELEMENTS (KOHA)
Koha item type BOOK
Holdings
Withdrawn status Lost status Damaged status Not for loan Collection Home library Current library Shelving location Date acquired Source of acquisition Cost, normal purchase price Inventory number Total Checkouts Full call number Barcode Date last seen Cost, replacement price Price effective from Koha item type
        AFT Fr. Agnel's C.Rodrigues College of Engineering Fr. Agnel's C.Rodrigues College of Engineering   17/03/2023 MARINE SPORTS 41.85 8261   747 AFT3550 17/03/2023 41.85 17/03/2023 BOOK